[Event "GBR-ch 100th"]
[Site "Torquay"]
[Date "2013.08.01"]
[Round "4"]
[White "Balaji, Ananthanarayanan"]
[Black "Graham, David Bruce"]
[Result "1/2-1/2"]
[WhiteElo "1946"]
[BlackElo "2165"]
[PlyCount "43"]
[EventDate "2013.07.29"]
[EventType "swiss"]
[EventRounds "11"]
[EventCountry "GBR"]
[Source "John Saunders"]
[SourceDate "2015.07.24"]

1. e4 e6 2. d4 d5 3. Nd2 Nf6 4. e5 Nfd7 5. Bd3 c5 6. c3 Nc6 7. Ne2 cxd4 8. cxd4
f6 9. exf6 Qxf6 10. Nf3 Bb4+ 11. Bd2 Bxd2+ 12. Qxd2 O-O 13. O-O e5 14. dxe5
Ndxe5 15. Nxe5 Nxe5 16. Bc2 Be6 17. Bb3 Rad8 18. Rad1 Nc4 19. Bxc4 dxc4 20. Qe3
Bf5 21. Rxd8 Rxd8 22. Nc3 1/2-1/2

[Event "GBR-ch 100th"]
[Site "Torquay"]
[Date "2013.08.01"]
[Round "4"]
[White "Bonafont, Philip"]
[Black "Emery, Keith"]
[Result "1-0"]
[WhiteElo "2084"]
[BlackElo "1906"]
[PlyCount "85"]
[EventDate "2013.07.29"]
[EventType "swiss"]
[EventRounds "11"]
[EventCountry "GBR"]
[Source "John Saunders"]
[SourceDate "2015.07.24"]

1. d4 g6 2. Nf3 Nf6 3. c4 Bg7 4. Nc3 O-O 5. Bf4 d6 6. e3 Nfd7 7. h3 e5 8. Bh2
f5 9. c5 exd4 10. Bc4+ Kh8 11. cxd6 cxd6 12. Nxd4 Ne5 13. Ne6 Bxe6 14. Bxe6 Qe7
15. Bb3 Na6 16. O-O Rad8 17. Nd5 Qh4 18. Bg3 Qh6 19. Rc1 g5 20. f4 Nc6 21. fxg5
Qxg5 22. Bf4 Qh4 23. Kh2 Be5 24. g3 Bxf4 25. Nxf4 Qf6 26. Ne6 Qxb2+ 27. Rc2 Qe5
28. Nxd8 Rxd8 29. Rd2 Nc5 30. Rd5 Qb2+ 31. Rd2 Qe5 32. Bd5 Ne4 33. Bxe4 fxe4
34. Qg4 Rg8 35. Qf4 Rd8 36. Rfd1 Qe6 37. Rxd6 Qxa2+ 38. Kg1 Rxd6 39. Qxd6 Qg8
40. Rf1 Qg5 41. Kg2 Kg7 42. Qf8+ Kg6 43. Qf7+ 1-0

[Event "GBR-ch 100th"]
[Site "Torquay"]
[Date "2013.08.01"]
[Round "4"]
[White "Brusey, Alan"]
[Black "Richardson, Alex"]
[Result "0-1"]
[WhiteElo "2020"]
[BlackElo "2149"]
[PlyCount "130"]
[EventDate "2013.07.29"]
[EventType "swiss"]
[EventRounds "11"]
[EventCountry "GBR"]
[Source "John Saunders"]
[SourceDate "2015.07.24"]

1. e4 c6 2. d4 d5 3. f3 g6 4. Be3 Bg7 5. Nc3 Qb6 6. exd5 Qxb2 7. Nge2 Nf6 8.
dxc6 bxc6 9. Rb1 Qa3 10. Rb3 Qa5 11. Bd2 O-O 12. Nb5 Qd8 13. Nbc3 Be6 14. Rb1
Bc4 15. Rb4 Ba6 16. g3 Nd5 17. Nxd5 cxd5 18. Ra4 Bb5 19. Rb4 a6 20. c3 Nc6 21.
Rb1 e5 22. Be3 Re8 23. Kf2 Qe7 24. Rb2 exd4 25. Bxd4 Bxd4+ 26. cxd4 Rab8 27.
Qd2 Bxe2 28. Rxb8 Rxb8 29. Bxe2 Qb4 30. Qxb4 Rxb4 31. Rd1 Ra4 32. Rd2 Kg7 33.
Ke3 Ra3+ 34. Kf2 Nb4 35. Bd1 Rxa2 36. Rxa2 Nxa2 37. Bb3 Nb4 38. Ke3 Kf6 39. Kd2
Ke6 40. Kc3 a5 41. Ba4 Na6 42. Bd1 Nc7 43. Kb3 Nb5 44. f4 h5 45. h3 Nxd4+ 46.
Ka4 Kf5 47. Kxa5 Ke4 48. Kb4 Nf5 49. g4 hxg4 50. Bxg4 Kxf4 51. Kc3 Ke4 52. Kd2
Nh4 53. Bd1 Nf3+ 54. Kc2 d4 55. Be2 Ne5 56. Kd2 g5 57. Ba6 Nf3+ 58. Kd1 Ke3 59.
Bc8 f6 60. Bg4 d3 61. Bc8 d2 62. Be6 Ne5 63. Bf5 Nc4 64. Bg4 Nb2+ 65. Kc2 d1=Q+
0-1

[Event "GBR-ch 100th"]
[Site "Torquay"]
[Date "2013.08.01"]
[Round "4"]
[White "Burnett, Jim"]
[Black "Kalaiyalahan, Akshaya"]
[Result "1-0"]
[WhiteElo "2117"]
[BlackElo "1920"]
[PlyCount "113"]
[EventDate "2013.07.29"]
[EventType "swiss"]
[EventRounds "11"]
[EventCountry "GBR"]
[Source "John Saunders"]
[SourceDate "2015.07.24"]

1. d4 Nf6 2. c4 g6 3. g3 Bg7 4. Bg2 O-O 5. Nc3 d6 6. Nf3 Bg4 7. O-O Qc8 8. b3
c5 9. Bb2 Na6 10. Rc1 Bh3 11. Qd2 Bxg2 12. Kxg2 Nc7 13. e4 b6 14. Rfe1 Qb7 15.
Rcd1 cxd4 16. Nxd4 Nxe4 17. Nxe4 f5 18. Qe2 Qxe4+ 19. Qxe4 fxe4 20. Rxe4 Rf7
21. Rd2 Bxd4 22. Bxd4 Kf8 23. Be3 Na6 24. Bh6+ Kg8 25. Rde2 Re8 26. Re6 Nc7 27.
R6e4 e6 28. Bc1 Rd8 29. Rd4 e5 30. Rxe5 Rxf2+ 31. Kxf2 Rf8+ 32. Rf4 dxe5 33.
Rxf8+ Kxf8 34. Bb2 Ke7 35. Bxe5 Na6 36. Ke3 Nb4 37. a4 Na6 38. Bd4 Kd6 39. a5
bxa5 40. Bxa7 Nb4 41. Bb6 Nc6 42. Ke4 Ke6 43. Bc7 Kd7 44. Bf4 Ne7 45. Bd2 Nc6
46. Kd5 Kc7 47. Kc5 Kd7 48. Bc3 Kc7 49. Kb5 Kb7 50. c5 h6 51. h3 h5 52. g4 hxg4
53. hxg4 g5 54. Bf6 Kc7 55. Bxg5 Nd4+ 56. Kc4 Nc6 57. Bf4+ 1-0

[Event "GBR-ch 100th"]
[Site "Torquay"]
[Date "2013.08.01"]
[Round "4"]
[White "De Coverly, Roger"]
[Black "Eggleston, David"]
[Result "0-1"]
[WhiteElo "2036"]
[BlackElo "2363"]
[PlyCount "64"]
[EventDate "2013.07.29"]
[EventType "swiss"]
[EventRounds "11"]
[EventCountry "GBR"]
[Source "John Saunders"]
[SourceDate "2015.07.24"]

1. e4 c5 2. Nf3 d6 3. d4 cxd4 4. Nxd4 Nf6 5. Nc3 a6 6. Bg5 Nbd7 7. f4 Qc7 8.
Qe2 e6 9. O-O-O b5 10. g4 b4 11. Nd5 exd5 12. exd5+ Be7 13. Nc6 Nb8 14. Bxf6
gxf6 15. Nxe7 Qxe7 16. Qd2 Qb7 17. Re1+ Kd8 18. Qd4 Nd7 19. Bd3 Ra7 20. Bf5 Qb6
21. Qd2 Nc5 22. Bxc8 Kxc8 23. f5 Rc7 24. Rhf1 b3 25. Kb1 bxa2+ 26. Kxa2 Na4 27.
b3 Nc3+ 28. Kb2 Kb7 29. Rf3 Rhc8 30. Rc1 Qa5 31. Ra1 Na4+ 32. Kc1 Rxc2+ 0-1

[Event "GBR-ch 100th"]
[Site "Torquay"]
[Date "2013.08.01"]
[Round "4"]
[White "Duff, Rufus"]
[Black "Mackle, Dominic"]
[Result "0-1"]
[WhiteElo "2157"]
[BlackElo "2216"]
[PlyCount "98"]
[EventDate "2013.07.29"]
[EventType "swiss"]
[EventRounds "11"]
[EventCountry "GBR"]
[Source "John Saunders"]
[SourceDate "2015.07.24"]

1. e4 e6 2. d4 d5 3. Nc3 Nf6 4. Bg5 Bb4 5. exd5 Bxc3+ 6. bxc3 Qxd5 7. Nf3 Qa5
8. Bd3 Qxc3+ 9. Bd2 Qc6 10. O-O Nbd7 11. c4 O-O 12. Ne5 Qd6 13. Bf4 c5 14. Ng6
Qxd4 15. Be3 Qd6 16. Nxf8 Kxf8 17. Be2 Qxd1 18. Rfxd1 b6 19. a4 a5 20. Rab1 Bb7
21. Rd6 Ke7 22. Rbd1 Rc8 23. Bf3 Bxf3 24. gxf3 h6 25. f4 Rc7 26. f3 Nd5 27.
Rxd7+ Rxd7 28. cxd5 exd5 29. Bf2 Kf6 30. Kg2 Kf5 31. Re1 f6 32. Kg3 d4 33. Rd1
h5 34. Rd3 Re7 35. Rb3 Re6 36. h3 g6 37. h4 Rd6 38. Rd3 Ke6 39. Rd1 f5 40. Kg2
Kd5 41. Kf1 Re6 42. Rc1 d3 43. Rd1 Kc4 44. Be1 Re2 45. Rb1 Re6 46. Bd2 Kd4 47.
Rc1 Re2 48. Bc3+ Kd5 49. Be1 d2 0-1

[Event "GBR-ch 100th"]
[Site "Torquay"]
[Date "2013.08.01"]
[Round "4"]
[White "Eames, Robert"]
[Black "Ward, Christopher"]
[Result "1/2-1/2"]
[WhiteElo "2244"]
[BlackElo "2432"]
[PlyCount "76"]
[EventDate "2013.07.29"]
[EventType "swiss"]
[EventRounds "11"]
[EventCountry "GBR"]
[Source "John Saunders"]
[SourceDate "2015.07.24"]

1. d4 Nf6 2. c4 c5 3. d5 e5 4. Nc3 d6 5. e4 Nbd7 6. g3 g6 7. h4 Bg7 8. Bh3 b5
9. cxb5 a6 10. bxa6 Bxa6 11. Nge2 O-O 12. Bg5 h6 13. Be3 Rb8 14. Qd2 Rb4 15. f3
Rd4 16. Qc1 Nh5 17. Bxh6 Nf4 18. Bxf4 exf4 19. Bxd7 fxg3 20. Qg5 Qxd7 21. h5
Rd3 22. h6 Be5 23. f4 Bxc3+ 24. Nxc3 Qd8 25. Rd1 Rf3 26. Qg4 Rf2 27. Qxg3 Rxb2
28. Rd2 Rb4 29. Kf2 Qf6 30. Re1 Kh7 31. Kg2 Re8 32. Re3 Kxh6 33. Rf2 Kg7 34. e5
Qf5 35. exd6 Rd8 36. Re5 Qd3 37. Re3 Qf5 38. Re5 Qd3 1/2-1/2

[Event "GBR-ch 100th"]
[Site "Torquay"]
[Date "2013.08.01"]
[Round "4"]
[White "Emms, John M"]
[Black "Reid, John"]
[Result "1/2-1/2"]
[WhiteElo "2469"]
[BlackElo "2151"]
[PlyCount "114"]
[EventDate "2013.07.29"]
[EventType "swiss"]
[EventRounds "11"]
[EventCountry "GBR"]
[Source "John Saunders"]
[SourceDate "2015.07.24"]

1. e4 c5 2. c3 d6 3. d4 Nf6 4. Bd3 g6 5. Nf3 Bg7 6. O-O O-O 7. h3 Qc7 8. Re1
Nc6 9. d5 Ne5 10. Nxe5 dxe5 11. a4 b6 12. Na3 Ne8 13. Nb5 Qb7 14. b4 cxb4 15.
cxb4 Bd7 16. Be3 Nd6 17. Qe2 a6 18. Nxd6 exd6 19. b5 a5 20. Rac1 Bf6 21. Qf3
Bg7 22. Qe2 Bf6 23. Qb2 Rab8 24. Qa3 Be7 25. f4 f6 26. fxe5 fxe5 27. Bh6 Rf7
28. Rc6 Kh8 29. Rec1 Bxc6 30. dxc6 Qc7 31. Qb3 Rf6 32. Bc4 Rbf8 33. Be6 Rf4 34.
Bd7 R8f6 35. Bxf4 Rxf4 36. Qe6 Bd8 37. Rd1 Rf6 38. Qe8+ Kg7 39. g3 Rf8 40. Qe6
Rf6 41. Qd5 Qb8 42. Rf1 Rxf1+ 43. Kxf1 Bc7 44. h4 Qf8+ 45. Ke2 Qf6 46. Bg4 Qf7
47. Be6 Qf6 48. Bh3 Qf7 49. Be6 Qf6 50. Qb3 Qd8 51. Bd5 Qf8 52. Qd3 Qc8 53. Qf3
Qf8 54. Qg4 Qe7 55. Qc8 Bd8 56. Qb7 Qc7 57. g4 g5 1/2-1/2

[Event "GBR-ch 100th"]
[Site "Torquay"]
[Date "2013.08.01"]
[Round "4"]
[White "Flear, Glenn C"]
[Black "Weaving, Richard"]
[Result "0-1"]
[WhiteElo "2456"]
[BlackElo "2196"]
[PlyCount "56"]
[EventDate "2013.07.29"]
[EventType "swiss"]
[EventRounds "11"]
[EventCountry "GBR"]
[Source "John Saunders"]
[SourceDate "2015.07.24"]

1. d4 Nf6 2. c4 e6 3. Nc3 Bb4 4. Qc2 O-O 5. a3 Bxc3+ 6. Qxc3 b6 7. Bg5 Bb7 8.
Nh3 Re8 9. f3 h6 10. Bh4 d5 11. cxd5 exd5 12. e3 Qe7 13. Bf2 c5 14. Bb5 Bc6 15.
Be2 Bd7 16. Nf4 g5 17. Nd3 cxd4 18. Qxd4 Nc6 19. Qa4 d4 20. e4 Nxe4 21. fxe4
Qxe4 22. Nc1 Ne5 23. Qxd7 Nxd7 24. O-O Ne5 25. Bb5 Re6 26. Nb3 d3 27. Nd2 Qd5
28. Ba4 Qa5 0-1

[Event "GBR-ch 100th"]
[Site "Torquay"]
[Date "2013.08.01"]
[Round "4"]
[White "Foo, William"]
[Black "Owens, Megan R"]
[Result "1-0"]
[WhiteElo "2090"]
[BlackElo "1852"]
[PlyCount "47"]
[EventDate "2013.07.29"]
[EventType "swiss"]
[EventRounds "11"]
[EventCountry "GBR"]
[Source "John Saunders"]
[SourceDate "2015.07.24"]

1. e4 c5 2. Nf3 g6 3. d4 Bg7 4. dxc5 Qa5+ 5. c3 Qxc5 6. Na3 b6 7. Be3 Qc7 8.
Nb5 Qb7 9. Bc4 a6 10. Nbd4 Nf6 11. e5 Nd5 12. Qb3 e6 13. Bxd5 exd5 14. O-O-O
Nc6 15. Nc2 b5 16. Bc5 Na5 17. Qxd5 Qxd5 18. Rxd5 Bb7 19. Rdd1 Rc8 20. Bb4 Nc6
21. Bd6 Ne7 22. Rhe1 h5 23. Ne3 h4 24. Ng4 1-0

[Event "GBR-ch 100th"]
[Site "Torquay"]
[Date "2013.08.01"]
[Round "4"]
[White "Freeman, Richard"]
[Black "Dilleigh, Steve"]
[Result "1/2-1/2"]
[WhiteElo "2030"]
[BlackElo "2121"]
[PlyCount "31"]
[EventDate "2013.07.29"]
[EventType "swiss"]
[EventRounds "11"]
[EventCountry "GBR"]
[Source "John Saunders"]
[SourceDate "2015.07.24"]

1. d4 d5 2. Bg5 h6 3. Bh4 c6 4. Nf3 Qb6 5. b3 Bf5 6. e3 e6 7. Bd3 Bxd3 8. Qxd3
Nd7 9. O-O Be7 10. Bg3 Ngf6 11. h3 O-O 12. c4 Qa6 13. Nbd2 Rfd8 14. Rfc1 Rac8
15. Qf1 c5 16. cxd5 1/2-1/2

[Event "GBR-ch 100th"]
[Site "Torquay"]
[Date "2013.08.01"]
[Round "4"]
[White "Ghasi, Ameet K"]
[Black "Meszaros, Gyula"]
[Result "1-0"]
[WhiteElo "2459"]
[BlackElo "2255"]
[PlyCount "33"]
[EventDate "2013.07.29"]
[EventType "swiss"]
[EventRounds "11"]
[EventCountry "GBR"]
[Source "John Saunders"]
[SourceDate "2015.07.24"]

1. Nf3 Nf6 2. g3 b6 3. Bg2 Bb7 4. O-O e6 5. d3 d5 6. Nbd2 Be7 7. e4 dxe4 8.
dxe4 Nxe4 9. Ne5 Nd6 10. Bxb7 Nxb7 11. Qf3 Qd5 12. Qxf7+ Kd8 13. Qxg7 Rf8 14.
c4 Qa5 15. Nb3 Qa4 16. Nd4 Nc5 17. b4 1-0

[Event "GBR-ch 100th"]
[Site "Torquay"]
[Date "2013.08.01"]
[Round "4"]
[White "Gill, Oliver"]
[Black "Weller, Jean Luc"]
[Result "1/2-1/2"]
[WhiteElo "1974"]
[BlackElo "2172"]
[PlyCount "126"]
[EventDate "2013.07.29"]
[EventType "swiss"]
[EventRounds "11"]
[EventCountry "GBR"]
[Source "John Saunders"]
[SourceDate "2015.07.24"]

1. e4 e6 2. d4 d5 3. Bd3 dxe4 4. Bxe4 Nf6 5. Bf3 c5 6. Ne2 Nc6 7. Be3 cxd4 8.
Nxd4 Ne5 9. O-O a6 10. c4 Qc7 11. Nd2 Nxf3+ 12. Qxf3 Bd6 13. h3 O-O 14. c5 Qxc5
15. Nxe6 Qe5 16. Nf4 Be6 17. g3 Qb5 18. Ne4 Nxe4 19. Nxe6 Rfe8 20. Qxe4 Rxe6
21. Qf3 Rf6 22. Qg2 Rg6 23. b3 f5 24. f4 Re8 25. Rae1 Bb4 26. Bd2 Bxd2 27. Qxd2
Rxg3+ 28. Kh2 Rxe1 29. Rxe1 Qd3 30. Qxd3 Rxd3 31. Re7 b5 32. Re2 Rf3 33. Kg2
Rxf4 34. Re6 h5 35. Rxa6 Kh7 36. a4 Rb4 37. Rb6 Rxb3 38. Rxb5 Ra3 39. Rxf5 Kh6
40. Ra5 h4 41. Ra7 g6 42. a5 Kg5 43. a6 Ra2+ 44. Kg1 Kf4 45. Rb7 Rxa6 46. Rb4+
Kg5 47. Rb5+ Kf6 48. Rb4 g5 49. Rb3 Ra4 50. Kg2 Kf5 51. Rf3+ Ke4 52. Rb3 Ra2+
53. Kg1 Re2 54. Rb4+ Kf5 55. Rb5+ Kf4 56. Rb4+ Re4 57. Rb3 Re3 58. Rb4+ Kf3 59.
Rg4 Re5 60. Kh2 Rf5 61. Kg1 Ke3 62. Kg2 Rf2+ 63. Kg1 Rf5 1/2-1/2

[Event "GBR-ch 100th"]
[Site "Torquay"]
[Date "2013.08.01"]
[Round "4"]
[White "Gordon, Stephen J"]
[Black "Fernandez, Daniel Howard"]
[Result "1-0"]
[WhiteElo "2521"]
[BlackElo "2346"]
[PlyCount "97"]
[EventDate "2013.07.29"]
[EventType "swiss"]
[EventRounds "11"]
[EventCountry "GBR"]
[Source "John Saunders"]
[SourceDate "2015.07.24"]

1. c4 e6 2. g3 d5 3. Bg2 c6 4. Nf3 Bd6 5. O-O f5 6. d3 Nf6 7. Nc3 Nbd7 8. e4
O-O 9. cxd5 cxd5 10. Re1 dxe4 11. dxe4 Nxe4 12. Nxe4 fxe4 13. Ng5 Nf6 14. Nxe4
Nxe4 15. Bxe4 Bc5 16. Be3 Bxe3 17. Rxe3 Qe7 18. Qe2 g6 19. Rc1 Rb8 20. Bd5 Rf6
21. Rxc8+ Rxc8 22. Bxe6+ Rxe6 23. Rxe6 Qd7 24. Qe5 Qd3 25. Kg2 Rf8 26. Re7 Qf3+
27. Kh3 Qf5+ 28. Qxf5 Rxf5 29. f4 Rb5 30. b3 Rh5+ 31. Kg2 Rb5 32. Kf3 a6 33.
Kg4 h6 34. Re5 Rb6 35. h4 Kf7 36. h5 Rd6 37. hxg6+ Kxg6 38. Re6+ Rxe6 39. f5+
Kf6 40. fxe6 Kxe6 41. Kh5 Kf5 42. Kxh6 Kg4 43. Kg6 Kxg3 44. Kf5 Kf3 45. Ke5 Ke3
46. Kd6 Kd4 47. Kc7 Kc5 48. Kxb7 a5 49. a4 1-0

[Event "GBR-ch 100th"]
[Site "Torquay"]
[Date "2013.08.01"]
[Round "4"]
[White "Gormally, Daniel"]
[Black "Kosten, Anthony C"]
[Result "0-1"]
[WhiteElo "2496"]
[BlackElo "2458"]
[PlyCount "42"]
[EventDate "2013.07.29"]
[EventType "swiss"]
[EventRounds "11"]
[EventCountry "GBR"]
[Source "John Saunders"]
[SourceDate "2015.07.24"]

1. d4 Nf6 2. Nf3 e6 3. g3 d5 4. c4 Bb4+ 5. Nc3 dxc4 6. Bg2 Nc6 7. O-O O-O 8.
Re1 Rb8 9. e4 b5 10. e5 Nd5 11. Ng5 h6 12. Nge4 Be7 13. Qh5 Nxd4 14. Bxh6 gxh6
15. Rad1 c5 16. Rxd4 cxd4 17. Qxh6 Re8 18. Nd6 Bf8 19. Qh5 Bxd6 20. Re4 Bxe5
21. Rxe5 dxc3 0-1

[Event "GBR-ch 100th"]
[Site "Torquay"]
[Date "2013.08.01"]
[Round "4"]
[White "Hackner, Oskar A"]
[Black "Bates, Richard"]
[Result "0-1"]
[WhiteElo "2063"]
[BlackElo "2375"]
[PlyCount "76"]
[EventDate "2013.07.29"]
[EventType "swiss"]
[EventRounds "11"]
[EventCountry "GBR"]
[Source "John Saunders"]
[SourceDate "2015.07.24"]

1. d4 Nf6 2. c4 g6 3. Nc3 Bg7 4. e4 d6 5. Bd3 O-O 6. Nge2 h5 7. Bg5 Nh7 8. Be3
e5 9. O-O Nc6 10. Bc2 exd4 11. Nxd4 Ne5 12. b3 a6 13. f3 Re8 14. Qd2 c5 15.
Nde2 b5 16. cxb5 axb5 17. Nxb5 Ba6 18. Nbc3 Qa5 19. Rfd1 Rad8 20. a3 d5 21. b4
Qc7 22. Bxc5 dxe4 23. Qe3 exf3 24. Rxd8 Qxd8 25. Rd1 Qb8 26. Ng3 h4 27. Bd6 Nc4
28. Qc5 Nxd6 29. Rxd6 hxg3 30. hxg3 Rc8 31. Rc6 Rxc6 32. Qxc6 Qxg3 33. Qxf3
Bd4+ 34. Kh1 Qh4+ 35. Qh3 Qe1+ 36. Kh2 Bg1+ 37. Kh1 Bf2+ 38. Kh2 Qg1# 0-1

[Event "GBR-ch 100th"]
[Site "Torquay"]
[Date "2013.08.01"]
[Round "4"]
[White "Harvey, Marcus Ross"]
[Black "Surtees, Michael"]
[Result "1-0"]
[WhiteElo "2202"]
[BlackElo "2106"]
[PlyCount "63"]
[EventDate "2013.07.29"]
[EventType "swiss"]
[EventRounds "11"]
[EventCountry "GBR"]
[Source "John Saunders"]
[SourceDate "2015.07.24"]

1. d4 c6 2. c4 f6 3. Nc3 e5 4. Nf3 Bb4 5. dxe5 Bxc3+ 6. bxc3 Qa5 7. Qd4 Na6 8.
exf6 Nxf6 9. Bf4 O-O 10. Bd6 c5 11. Qd3 Re8 12. e3 b6 13. Be2 Bb7 14. Nd2 Bxg2
15. Rg1 Bc6 16. a4 Ne4 17. Nxe4 Bxe4 18. Qd2 Re6 19. Ra3 Rae8 20. Rg5 Bc6 21.
Bh5 g6 22. Bg4 Re4 23. Bf3 Rxe3+ 24. fxe3 Bxf3 25. Be5 d5 26. Qf2 Rf8 27. Qh4
Nb4 28. Qh6 Nd3+ 29. Kd2 Nxe5 30. Rxe5 d4 31. Re7 dxc3+ 32. Kc1 1-0

[Event "GBR-ch 100th"]
[Site "Torquay"]
[Date "2013.08.01"]
[Round "4"]
[White "Hegarty, Sarah"]
[Black "Armstrong, Malcolm J"]
[Result "1-0"]
[WhiteElo "2124"]
[BlackElo "2014"]
[PlyCount "73"]
[EventDate "2013.07.29"]
[EventType "swiss"]
[EventRounds "11"]
[EventCountry "GBR"]
[Source "John Saunders"]
[SourceDate "2015.07.24"]

1. e4 e6 2. d4 d5 3. Nc3 Nf6 4. Bg5 Be7 5. e5 Nfd7 6. Bxe7 Qxe7 7. Bd3 a6 8. f4
c5 9. Nf3 Nc6 10. dxc5 Nxc5 11. O-O Nxd3 12. cxd3 Bd7 13. d4 O-O 14. Rc1 Rac8
15. Qd3 f6 16. Rce1 f5 17. Kh1 Nd8 18. Rg1 Nf7 19. g4 fxg4 20. Rxg4 Nh6 21. Ng5
Nf5 22. Reg1 Qb4 23. Nxh7 Qxb2 24. Nd1 Qb5 25. Qh3 Kf7 26. Nxf8 Rxf8 27. Ne3
Qd3 28. Qh5+ Kg8 29. Ng2 Qxd4 30. h3 Rc8 31. Qg5 Qd3 32. Kh2 d4 33. Nh4 Rc2+
34. R4g2 Rc3 35. Qg4 Bc6 36. Nxf5 Bxg2 37. Qxg7# 1-0

[Event "GBR-ch 100th"]
[Site "Torquay"]
[Date "2013.08.01"]
[Round "4"]
[White "Hoare, Amy B"]
[Black "Murphy, Hugh"]
[Result "0-1"]
[WhiteElo "1873"]
[BlackElo "2170"]
[PlyCount "78"]
[EventDate "2013.07.29"]
[EventType "swiss"]
[EventRounds "11"]
[EventCountry "GBR"]
[Source "John Saunders"]
[SourceDate "2015.07.24"]

1. e4 c6 2. d4 d5 3. Nc3 dxe4 4. Nxe4 Nf6 5. Nxf6+ exf6 6. c3 Bd6 7. Bd3 O-O 8.
Nf3 Bg4 9. O-O Re8 10. h3 Bh5 11. Be3 Nd7 12. Re1 Nf8 13. g4 Bg6 14. Nh4 Bxd3
15. Qxd3 g6 16. Bd2 Ne6 17. Ng2 Qd7 18. Rad1 Rad8 19. Qf3 Be7 20. Nf4 Ng5 21.
Qg2 Bd6 22. h4 Ne6 23. Qf3 Ng7 24. h5 f5 25. hxg6 hxg6 26. g5 Rxe1+ 27. Rxe1
Re8 28. Rxe8+ Nxe8 29. Nd3 Ng7 30. Bf4 Ne6 31. Ne5 Qd8 32. Qe3 Bxe5 33. dxe5
Qd1+ 34. Kh2 Qh5+ 35. Kg1 Qg4+ 36. Bg3 f4 37. Qxa7 fxg3 38. Qxb7 Nf4 39. fxg3
Qxg3+ 0-1

[Event "GBR-ch 100th"]
[Site "Torquay"]
[Date "2013.08.01"]
[Round "4"]
[White "Homer, Stephen J"]
[Black "Coates, David H"]
[Result "1-0"]
[WhiteElo "2165"]
[BlackElo "2046"]
[PlyCount "91"]
[EventDate "2013.07.29"]
[EventType "swiss"]
[EventRounds "11"]
[EventCountry "GBR"]
[Source "John Saunders"]
[SourceDate "2015.07.24"]

1. e4 c5 2. Nf3 d6 3. c3 Nf6 4. h3 Nc6 5. Bd3 g6 6. Bc2 Bg7 7. O-O O-O 8. d4
cxd4 9. cxd4 Nb4 10. Bb3 d5 11. e5 Ne4 12. Nc3 Nxc3 13. bxc3 Nc6 14. Nh4 e6 15.
Nf3 f5 16. exf6 Bxf6 17. Bh6 Re8 18. Re1 Na5 19. Ne5 Bd7 20. Qf3 Nxb3 21. axb3
Bb5 22. Re3 Qe7 23. Rae1 Bg7 24. Bxg7 Kxg7 25. Qg4 Rad8 26. h4 Rf8 27. h5 Rf5
28. Rg3 Qf6 29. hxg6 h5 30. Qd1 Rxf2 31. Rf3 Rxf3 32. Qxf3 Qxf3 33. gxf3 Rc8
34. Rc1 Be8 35. Kh2 Kh6 36. Rg1 Rc7 37. c4 a5 38. cxd5 exd5 39. f4 Kg7 40. Kh3
Rc3+ 41. Kh4 Rxb3 42. Kg5 Rb6 43. f5 a4 44. Rf1 a3 45. f6+ Kf8 46. f7 1-0

[Event "GBR-ch 100th"]
[Site "Torquay"]
[Date "2013.08.01"]
[Round "4"]
[White "Howell, David"]
[Black "Zhou, Yang Fan"]
[Result "1-0"]
[WhiteElo "2639"]
[BlackElo "2469"]
[PlyCount "145"]
[EventDate "2013.07.29"]
[EventType "swiss"]
[EventRounds "11"]
[EventCountry "GBR"]
[Source "John Saunders"]
[SourceDate "2015.07.24"]

1. g3 g6 2. Bg2 Bg7 3. d4 d6 4. e4 c5 5. d5 e6 6. Nc3 Ne7 7. Nge2 exd5 8. Nxd5
Nxd5 9. Qxd5 Nc6 10. O-O Be6 11. Qd1 O-O 12. a4 Qb6 13. Nf4 Bc4 14. Re1 Rfe8
15. Rb1 Ba2 16. Ra1 Bc4 17. Bf1 Bxf1 18. Nd5 Qd8 19. Kxf1 Qd7 20. Ra3 f5 21.
Rae3 fxe4 22. Rxe4 Rxe4 23. Rxe4 Re8 24. Qe2 Re5 25. Rxe5 Nxe5 26. b3 h6 27.
Kg2 a6 28. Qe4 Qf7 29. Bf4 Kf8 30. c4 Kg8 31. Ne3 Kf8 32. Nd5 Kg8 33. Bxe5 Bxe5
34. f4 Bd4 35. Ne7+ Kg7 36. Nd5 Kf8 37. g4 Ba1 38. Qe1 Qg7 39. Qe2 Qf7 40. Kf3
b5 41. Qe1 bxc4 42. bxc4 Bd4 43. Qh4 Qe8 44. Qxh6+ Bg7 45. Qg5 Qxa4 46. Qxg6
Qxc4 47. Qf5+ Ke8 48. Qe6+ Kf8 49. Qf5+ Ke8 50. Qg6+ Kf8 51. Qxd6+ Kg8 52. Ne3
Qc1 53. Qe6+ Kf8 54. Qf5+ Kg8 55. Qd5+ Kf8 56. Qd8+ Kf7 57. Qd7+ Kf8 58. Qd8+
Kf7 59. Qc7+ Kf8 60. Qc8+ Kf7 61. Qd7+ Kf8 62. Qf5+ Kg8 63. Qe6+ Kf8 64. g5 Bd4
65. g6 Qh1+ 66. Kg4 Qb7 67. Nd5 Kg7 68. Kh5 Kh8 69. f5 Qb8 70. h4 Qg8 71. Qxg8+
Kxg8 72. f6 Bb2 73. Ne7+ 1-0

[Event "GBR-ch 100th"]
[Site "Torquay"]
[Date "2013.08.01"]
[Round "4"]
[White "Jaunooby, Ali Reza"]
[Black "Tambini, Jasper"]
[Result "0-1"]
[WhiteElo "2170"]
[BlackElo "1979"]
[PlyCount "112"]
[EventDate "2013.07.29"]
[EventType "swiss"]
[EventRounds "11"]
[EventCountry "GBR"]
[Source "John Saunders"]
[SourceDate "2015.07.24"]

1. d4 d5 2. Nf3 Nf6 3. Bf4 c5 4. e3 Qb6 5. Nc3 e6 6. a3 Be7 7. Nb5 Na6 8. dxc5
Qxc5 9. c4 dxc4 10. Qa4 Bd7 11. Qxc4 Qb6 12. Bc7 Qc6 13. Ne5 Qxc4 14. Bxc4 Rc8
15. Nxd7 Nxd7 16. Rc1 Nxc7 17. Nxa7 Rd8 18. Be2 Nd5 19. e4 Nf4 20. Bb5 Bd6 21.
g3 Ng6 22. Nc8 Bb8 23. Nb6 Nge5 24. Ke2 Ke7 25. Na4 Rc8 26. f4 Nc6 27. Rc4 e5
28. Rd1 Nd4+ 29. Rcxd4 exd4 30. Bxd7 Kxd7 31. Nb6+ Ke6 32. Nxc8 Rxc8 33. Rxd4
Rc2+ 34. Rd2 Rxd2+ 35. Kxd2 f5 36. Ke3 g6 37. Kf3 h5 38. h3 Bd6 39. g4 fxg4+
40. hxg4 h4 41. e5 Be7 42. Ke4 h3 43. f5+ gxf5+ 44. gxf5+ Kf7 45. Kf3 Bc5 46.
Kg3 Bd4 47. e6+ Kf6 48. Kxh3 Bxb2 49. a4 Ba3 50. Kg4 Bd6 51. a5 Bc7 52. Kf3
Bxa5 53. Ke4 Bd8 54. Kd5 Kxf5 55. Kd6 Kf6 56. Kd5 Bc7 0-1

[Event "GBR-ch 100th"]
[Site "Torquay"]
[Date "2013.08.01"]
[Round "4"]
[White "Kirby, Peter J"]
[Black "Howell, Christopher"]
[Result "1/2-1/2"]
[WhiteElo "1982"]
[BlackElo "2055"]
[PlyCount "46"]
[EventDate "2013.07.29"]
[EventType "swiss"]
[EventRounds "11"]
[EventCountry "GBR"]
[Source "John Saunders"]
[SourceDate "2015.07.24"]

1. c4 Nf6 2. g3 g6 3. Bg2 Bg7 4. Nc3 O-O 5. e4 d6 6. Nge2 e5 7. O-O Be6 8. d3
Qd7 9. Nd5 Nxd5 10. cxd5 Bh3 11. Be3 Bxg2 12. Kxg2 f5 13. Qd2 f4 14. gxf4 Qg4+
15. Kh1 Qf3+ 16. Kg1 Nd7 17. fxe5 Nxe5 18. Nd4 Qg4+ 19. Kh1 Nf3 20. Nxf3 Qxf3+
21. Kg1 Qg4+ 22. Kh1 Qf3+ 23. Kg1 Qg4+ 1/2-1/2